The life of George Berkeley : Bishop of Cloyne / (Record no. 31662)
[ view plain ]
| 000 -LEADER | |
|---|---|
| fixed length control field | 00961nam a2200277 a 4500 |
| 001 - CONTROL NUMBER | |
| control field | 31662 |
| 003 - CONTROL NUMBER IDENTIFIER | |
| rucl marc code | BD-RjUL |
| 005 - DATE AND TIME OF LATEST TRANSACTION | |
| control field | 20211209051731.0 |
| 008 - FIXED-LENGTH DATA ELEMENTS--GENERAL INFORMATION | |
| fixed length control field | 140421r19681949nyu b 001 0beng d |
| 035 ## - SYSTEM CONTROL NUMBER | |
| System control number | OCLC 442910 from rajwo18 |
| -- | (BD-RjUL) 31750 |
| 040 ## - CATALOGING SOURCE | |
| Original cataloging agency | BD-RjUL |
| Language of cataloging | eng |
| Transcribing agency | BD-RjUL |
| Modifying agency | BD-RjUL |
| 041 ## - LANGUAGE CODE | |
| Language code of text/sound track or separate title | eng |
| 082 ## - DEWEY DECIMAL CLASSIFICATION NUMBER | |
| Classification number | 192 |
| Author mark and year | LUL 1968 |
| 100 1# - MAIN ENTRY--PERSONAL NAME | |
| Personal name | Luce, A. A. |
| Fuller form of name | (Arthur Aston), |
| Dates associated with a name | 1882-1977. |
| 9 (RLIN) | 96345 |
| 245 14 - TITLE STATEMENT | |
| Title | The life of George Berkeley : Bishop of Cloyne / |
| Statement of responsibility, etc. | by A. A. Luce |
| 260 ## - PUBLICATION, DISTRIBUTION, ETC. (IMPRINT) | |
| Place of publication, distribution, etc. | New York : |
| Name of publisher, distributor, etc. | Greenwood, |
| Date of publication, distribution, etc. | 1968. |
| 300 ## - PHYSICAL DESCRIPTION | |
| Pagination | xi, 260 p. : |
| Illustrations | illus., facsims., ports. ; |
| Size | 24 cm |
| 500 ## - GENERAL NOTE | |
| General note | Reprint of the 1949 edition: Nelson, London |
| 504 ## - BIBLIOGRAPHY, ETC. NOTE | |
| Bibliography, etc | Includes index and Bibliographical footnotes. |
| 600 10 - SUBJECT ADDED ENTRY--PERSONAL NAME | |
| Personal name | Berkeley, George, |
| Dates associated with a name | 1685-1753. |
| 650 ## - SUBJECT ADDED ENTRY--TOPICAL TERM | |
| Topical term or geographic name as entry element | Berkeley, George, 1685-1753 |
| 9 (RLIN) | 94283 |
| 830 #0 - SERIES ADDED ENTRY--UNIFORM TITLE | |
| Uniform title | Bibliotheca Britannica philosophica |
| 942 ## - ADDED ENTRY ELEMENTS (KOHA) | |
| Source of classification or shelving scheme | Dewey Decimal Classification |
| Koha item type | Books |
| Lost status | Source of classification or shelving scheme | Damaged status | Not for loan | Collection code | Permanent Location | Current Location | Shelving location | Date acquired | Source of acquisition | Cost, normal purchase price | Total Checkouts | Full call number | Date last seen | Copy number | Koha item type |
|---|---|---|---|---|---|---|---|---|---|---|---|---|---|---|---|
| Dewey Decimal Classification | Not For Loan | Non-fiction | Central Library, University of Rajshahi | Central Library, University of Rajshahi | Reading Room | 18/07/1971 | Not Fount. | 192.00 | 192 LUL 1968 | 21/04/2014 | C-1 | Books |